00357nam a2200133Ia 450000500170000000800410001702000090005808200130006710000170008024500500009726000420014730000190018965000150020820240710014044.0240331s9999 xx 000 0 und d a  a100bCHA aChaitanya, K 0aFreedom and transcendencecKrishna Chaitanya aNew DelhibManohar Publicationsc1982 axii, 547 p .,  aPhilosophy